| 000 | 00809nam a2200253Ia 4500 | ||
|---|---|---|---|
| 003 | OSt | ||
| 005 | 20220926015113.0 | ||
| 006 | a|||||r|||| 00| 0 | ||
| 007 | ta | ||
| 008 | 220923b |||||||| |||| 00| 0 eng d | ||
| 020 |
_a9781600217562 _c4444.8900000000003 |
||
| 037 |
_b1606, 10/09/2008, J.S. BOOK DISTRIBUTOR _cGeneral Book |
||
| 040 |
_aRTL _cRTL _beng |
||
| 041 |
_2eng _aeng |
||
| 082 | _aX:57, P8 | ||
| 100 |
_aHagen Kristian L Ed. _9321607 |
||
| 245 | 0 | _aInternational Finance and Financial Services | |
| 260 |
_aNew York _bNova Science Publisher _c2008 |
||
| 300 |
_ax, 259p _ccm. |
||
| 500 | _aBibliography : Chapterwise | ||
| 650 | _aCommerce | ||
| 942 |
_hX:57, P8 _cGB _2CC |
||
| 999 |
_c630566 _d630566 |
||